banner

La evaluación de los aprendizajes en el debate didáctico contemporáneo / (Registro nro. 1643)

000 -LEADER
fixed length control field 01462nam a2200289 a 4500
003 - CONTROL NUMBER IDENTIFIER
control field AR-BaISA
005 - DATE AND TIME OF LATEST TRANSACTION
control field 20240717133141.0
006 - FIXED-LENGTH DATA ELEMENTS--ADDITIONAL MATERIAL CHARACTERISTICS
fixed length control field a||||fr|||| 000 0
007 - PHYSICAL DESCRIPTION FIXED FIELD--GENERAL INFORMATION
fixed length control field ta
008 - FIXED-LENGTH DATA ELEMENTS--GENERAL INFORMATION
fixed length control field 240717r19982015ag ||||f |||| 000 0 spa d
020 ## - INTERNATIONAL STANDARD BOOK NUMBER
International Standard Book Number 9789501221299
040 ## - CATALOGING SOURCE
Language of cataloging spa
Transcribing agency AR-BaISA
082 04 - DEWEY DECIMAL CLASSIFICATION NUMBER
Edition number 22
Classification number 371.26 C667
245 00 - TITLE STATEMENT
Title La evaluación de los aprendizajes en el debate didáctico contemporáneo /
Statement of responsibility, etc. Alicia R. W. de Camilloni, Susana Celman, Edith Litwin y M. del Carmen Palou de Maté
260 ## - PUBLICATION, DISTRIBUTION, ETC.
Place of publication, distribution, etc. Buenos Aires:
Name of publisher, distributor, etc. Paidós,
Date of publication, distribution, etc. 2015
300 ## - PHYSICAL DESCRIPTION
Extent 176 p.
490 ## - SERIES STATEMENT
Serie Educador
504 ## - BIBLIOGRAPHY, ETC. NOTE
Bibliography, etc. note Bibliografía al final de cada capítulo
505 ## - FORMATTED CONTENTS NOTE
Title Edith Litwin / La evaluación: campo de controversias y paradojas o un nuevo lugar para la buena enseñanza --
-- Susana Celman / ¿Es posible mejorar la evaluación y transformarla en herramienta de conocimiento? --
-- Alicia R. W. Camilloni / La calidad de los programas de evaluación y de los instrumentos que los integran --
-- María del Carmen Palou de Maté / La evaluación de las prácticas docentes y la autoevaluación --
-- Alicia R. W. de Camilloni / Sistemas de calificación y regímenes de promoción
650 14 - SUBJECT ADDED ENTRY--TOPICAL TERM
9 (RLIN) 305
Topical term or geographic name entry element Evaluación educativa
650 14 - SUBJECT ADDED ENTRY--TOPICAL TERM
9 (RLIN) 299
Topical term or geographic name entry element Didáctica
700 1# - ADDED ENTRY--PERSONAL NAME
9 (RLIN) 298
Personal name Camilloni, Alicia R. W. de
Relator term aut.
700 1# - ADDED ENTRY--PERSONAL NAME
9 (RLIN) 3422
Personal name Celman, Susana
Relator term aut.
700 1# - ADDED ENTRY--PERSONAL NAME
9 (RLIN) 2538
Personal name Litwin, Edith
Relator term aut.
700 1# - ADDED ENTRY--PERSONAL NAME
9 (RLIN) 3423
Personal name Palou de Maté, María del Carmen
Relator term aut.
942 ## - ADDED ENTRY ELEMENTS (KOHA)
Source of classification or shelving scheme
Koha item type Libros
Edition 22
Existencias
Withdrawn status Lost status Source of classification or shelving scheme Damaged status Not for loan Permanent Location Current Location Date acquired Inventory number Full call number Barcode Date last seen Copy number Price effective from Koha item type Public note Total Checkouts Total Renewals Date last checked out
          Biblioteca ISALUD. Dr. Néstor Rodríguez Campoamor Biblioteca ISALUD. Dr. Néstor Rodríguez Campoamor 2024-07-17 2942 371.26 C667 2942 2024-07-17 ej. 1 2024-07-17 Libros Solicitado por el Profesorado Universitario      
          Biblioteca ISALUD. Dr. Néstor Rodríguez Campoamor Biblioteca ISALUD. Dr. Néstor Rodríguez Campoamor 2024-07-17 2944 371.26 C667 2944 2025-10-17 ej. 3 2024-07-17 Libros Solicitado por el Profesorado Universitario 1 1 2025-07-11
          Biblioteca ISALUD. Dr. Néstor Rodríguez Campoamor Biblioteca ISALUD. Dr. Néstor Rodríguez Campoamor 2024-07-17 2943 371.26 C667 2943 2024-07-17 ej. 2 2024-07-17 Libros Solicitado por el Profesorado Universitario